| Tag |
First Indicator |
Second Indicator |
Subfields |
| LEADER |
00000cam a2200000 a 4500 |
| 001 |
in00004720719 |
| 008 |
020103r20021995nyub 000 f eng d |
| 005 |
20230526133206.8 |
| 010 |
|
|
|a 2003577111
|
| 035 |
|
|
|a (OCoLC)ocm48687437
|
| 035 |
|
|
|a (OCoLC)ocm48687437
|
| 040 |
|
|
|a B@L
|b eng
|c B@L
|d SLC
|d OCLCQ
|d DLC
|d JAO
|d OCLCQ
|d OCLCA
|d YDXCP
|d OCLCO
|d OCLCF
|d OCLCQ
|d IPU
|d OCLCQ
|
| 020 |
|
|
|a 0441009034
|q (pbk.)
|
| 020 |
|
|
|a 9780441009039
|q (pbk.)
|
| 035 |
|
|
|a (OCoLC)48687437
|
| 050 |
|
4 |
|a PR6061.E2157
|b H38 2002
|
| 082 |
0 |
4 |
|a 823/.914
|a [Fic]
|2 21
|
| 100 |
1 |
|
|a Kearney, Paul,
|d 1967-
|
| 245 |
1 |
0 |
|a Hawkwood's voyage /
|c Paul Kearney.
|
| 250 |
|
|
|a Ace mass-market ed.
|
| 260 |
|
|
|a New York :
|b Ace Books,
|c 2002, ©1995.
|
| 300 |
|
|
|a 376 pages :
|b map ;
|c 18 cm
|
| 336 |
|
|
|a text
|b txt
|2 rdacontent
|
| 337 |
|
|
|a unmediated
|b n
|2 rdamedia
|
| 338 |
|
|
|a volume
|b nc
|2 rdacarrier
|
| 490 |
1 |
|
|a The monarchies of God ;
|v bk. 1
|
| 500 |
|
|
|a Originally published: London : Gollancz, 1995.
|
| 500 |
|
|
|a "Ace fantasy"--Spine
|
| 650 |
|
0 |
|a Hawkwood, Richard (Fictitious character)
|v Fiction.
|
| 650 |
|
7 |
|a Hawkwood, Richard (Fictitious character)
|2 fast
|0 (OCoLC)fst00952102
|
| 655 |
|
7 |
|a Fiction.
|2 fast
|0 (OCoLC)fst01423787
|
| 655 |
|
7 |
|a Fantasy fiction.
|2 gsafd
|
| 800 |
1 |
|
|a Kearney, Paul.
|t Monarchies of God ;
|v bk. 1.
|
| 856 |
4 |
2 |
|3 Contributor biographical information
|u http://catdir.loc.gov/catdir/enhancements/fy0718/2003577111-b.html
|t 0
|
| 856 |
4 |
2 |
|3 Publisher description
|u http://catdir.loc.gov/catdir/enhancements/fy0718/2003577111-d.html
|t 0
|
| 938 |
|
|
|a YBP Library Services
|b YANK
|n 8059178
|
| 029 |
1 |
|
|a AU@
|b 000024854813
|
| 029 |
1 |
|
|a NZ1
|b 7887372
|
| 029 |
1 |
|
|a UNITY
|b 093844344
|
| 994 |
|
|
|a Z0
|b TXA
|
| 948 |
|
|
|h HELD BY TXA - 41 OTHER HOLDINGS
|
| 999 |
f |
f |
|s fb3033f7-52e1-49ac-b99c-4139698875da
|i 77e8f047-e230-4939-8892-4fc5096354ab
|t 0
|
| 952 |
f |
f |
|p noncirc
|a Texas A&M University
|b College Station
|c Cushing Memorial Library & Archives
|d Cushing: Science Fiction (Does not check out)
|t 0
|e PR6061.E2157 H38 2002
|h Library of Congress classification
|i unmediated -- volume
|m A1485296590G
|
| 998 |
f |
f |
|a PR6061.E2157 H38 2002
|t 0
|l Cushing: Science Fiction (Does not check out)
|